00331nam a2200133Ia 4500100000900000650001700009942000700026654001600033245002500049260000900074546001200083999001700095952008500112 a#N/A aComputer/ IT cBK aapplication aApplication Server 6 b#N/A aENGLISH c19916d19916 001040708CDaCRCEbCRCEd2023-03-17l0o pCD1529r2023-03-17w2023-03-17yBK